Ur So Gay - Katy Perry - All Lyrics - Statistics

General Stats
  • This quiz has been taken 22 times
  • The average score is 293 of 357
Answer Stats
Answer % Correct
a
100%
Do-do-do,
100%
gay
100%
I
100%
oh-so
100%
so
100%
you
100%
You
100%
your
100%
an
95%
and
95%
You're
95%
you're
95%
boys
90%
don't
90%
even
90%
LA
90%
like
90%
No,
90%
no,
90%
no
90%
oh
90%
Oh
90%
Oh,
90%
to
90%
woah-oh-oh,
90%
ba-ba-ba
85%
da-da-day
85%
in
85%
La-la-la
85%
me
85%
of
85%
about
80%
it's
80%
j*****g
80%
scarf
80%
hang
75%
H&M
75%
Mozart
75%
the
75%
with
75%
yourself
75%
drive
70%
hope
70%
just
70%
listening
70%
off
70%
While
70%
almost
65%
cars
65%
electrical
65%
Hemingway
65%
rain
65%
reading
65%
wish
65%
art
60%
eat
60%
indie
60%
mean
60%
moan
60%
rock,
60%
were
60%
alive
55%
bitch
55%
meat
55%
stay
55%
that
55%
Wishing
55%
be
50%
buy
50%
happy
50%
love
50%
maybe
50%
meal
50%
need
50%
out
50%
sad,
50%
should
50%
skinny,
50%
45
45%
deal
45%
head
45%
nobody
45%
penis
45%
Secretly,
45%
Size
45%
SPF
45%
Super
45%
understands
45%
amused
40%
believe
40%
'cause
40%
Hey,
40%
I'm
40%
makeup
40%
real
40%
really
40%
around
35%
instead
35%
more
35%
rather
35%
walk
35%
wears
35%
angry
30%
cannot
30%
can't
30%
'em
30%
get
30%
MySpace
30%
someone
30%
would
30%
you'd
30%
down
25%
fell
25%
there
25%
there's
25%
debonair
20%
nothing
20%
pull
20%
No matching quizzes found
Score Distribution
Percent of People with Each Score
Percentile by Number Answered
Your Score History
You have not taken this quiz